Calculus with applications

Αποθηκεύτηκε σε:
Λεπτομέρειες βιβλιογραφικής εγγραφής
Κύριος συγγραφέας: Urso, Rosario
Μορφή: Βιβλίο
Γλώσσα:English
Δημοσίευση: New York : McGraw Hill, c1995
Θέματα:
Ετικέτες: Προσθήκη ετικέτας
Δεν υπάρχουν, Καταχωρήστε ετικέτα πρώτοι!

MARC

LEADER 00000nam a2200000 i 4500
001 1/105671
008 000328s1995 eng d
020 |a 0-07-066651-2 
035 |l 10059342 
040 |a GR-MY-UA  |b gre  |e aacr 
041 0 |a eng 
082 0 |a 515 
100 1 |a Urso, Rosario. 
245 1 0 |a Calculus with applications /  |c Rosario Urso 
260 |a New York :   |b McGraw Hill,   |c c1995 
300 |a xv, 538 p.;  |b ill. (chiefly col.);  |c 24 cm. 
504 |a Includes index 
650 0 0 |a Calculus. 
852 |a INST  |b SAMOS  |e 20000328  |h 515 URS  |p 005300017832  |q 005300017832  |t BK  |y 0 
901 |a BIBL3-2000-1 
909 |a Σ  |b 076893 
922 |a 3ΕΛΗ  |b 200003  |c ΚΠΣ  |d ΠΑΠΑΣΩΤΗΡΙΟΥ 
950 |a 116-2000-01-10 
970 |a ΚΟΣΙΕΡΗΣ  |b ΧΡΗΣΤΟΣ  |z 2000/03/30